|
|
|
|
| LEADER |
00000nam a22000007a 4500 |
| 008 |
201207b ||||| |||| 00| 0 eng d |
| 020 |
|
|
|a 978-978-8135-50-0
|
| 100 |
|
|
|a SOYINKA, Wole.
|
| 245 |
|
|
|a You must set forth at dawn
|b a memoirs
|c Wole Soyinka
|g xxv, 577p.
|
| 260 |
|
|
|b Bookcraft
|c 2006
|h Ibadan
|i [654842
|i 668450
|i 681076
|i 681077
|l PR9387.9 .So9
|m Soyinka, Wole, 1934-
|m Authors, Nigeria – 20th century – Biography
|m Political prisoners – Nigeria – Biography.
|m Political activists – Nigeria – Biography
|m Nigeria – Politics and government
|
| 942 |
|
|
|a lcc
|c BK
|e ADEYEYE Y. S.
|f 7/12/2020
|
| 952 |
|
|
|0 0
|1 0
|2 lcc
|4 0
|7 0
|9 104
|a HOL
|b ART
|c LP
|d 2020-12-07
|o PR9387.9 .So9
|p 2020-0113
|r 2020-12-07 00:00:00
|w 2020-12-07
|y BK
|
| 952 |
|
|
|0 0
|1 0
|2 lcc
|4 0
|7 0
|9 107
|a HOL
|b ART
|c LP
|d 2020-12-07
|o PR9387.9 .So9
|p 2020-0114
|r 2020-12-07 00:00:00
|w 2020-12-07
|y BK
|
| 952 |
|
|
|0 0
|1 0
|2 lcc
|4 0
|7 0
|9 111
|a HOL
|b HOL
|c LP
|d 2020-12-07
|o PR9387.9 .So9
|p 2020-0115
|r 2020-12-07 00:00:00
|w 2020-12-07
|y BK
|
| 952 |
|
|
|0 0
|1 0
|2 lcc
|4 0
|7 0
|9 112
|a HOL
|b HOL
|c LP
|d 2020-12-07
|o PR9387.9 .So9
|p 2020-0116
|r 2020-12-07 00:00:00
|w 2020-12-07
|y BK
|
| 999 |
|
|
|c 33
|d 33
|